00584nam a2200181Ia 4500003000900000008004100009040001600050080001500066100001100081245012800092260003900220300001000259650002800269650004100297650001700338650002800355650001900383IN-BaIIA211028s9999 xx 000 0 eng d cIIA Library a52-77bBOS aBos, A 0aOn instrumental effects in spectral line synthesis observationscA. Bos  aDordrechtbRediel Universityc1985 a190p. aAstronomical techniques aAstronomy and astrophysics thesaurus aObservations aSpectral line synthesis aSpectral lines